Detalles MARC
| 000 -CABECERA |
| campo de control de longitud fija |
02212nam a22003857a 4500 |
| 003 - IDENTIFICADOR DEL NÚMERO DE CONTROL |
| campo de control |
DO-SdBNP |
| 005 - FECHA Y HORA DE LA ÚLTIMA TRANSACCIÓN |
| campo de control |
20240410073848.0 |
| 007 - CAMPO FIJO DE DESCRIPCIÓN FÍSICA--INFORMACIÓN GENERAL |
| campo de control de longitud fija |
ta |
| 008 - DATOS DE LONGITUD FIJA--INFORMACIÓN GENERAL |
| campo de control de longitud fija |
210617e2021 dr a|||gr|||| 001 0dspa d |
| 020 ## - NÚMERO INTERNACIONAL ESTÁNDAR DEL LIBRO |
| Número Internacional Estándar del Libro |
9789945220919 |
| 040 ## - FUENTE DE LA CATALOGACIÓN |
| Centro catalogador/agencia de origen |
DO-SdBNP |
| Lengua de catalogación |
spa |
| Centro/agencia transcriptor |
BNPHU |
| 041 ## - CÓDIGO DE LENGUA |
| Código de lengua original |
spa |
| 082 #4 - NÚMERO DE LA CLASIFICACIÓN DECIMAL DEWEY |
| Número de clasificación |
972.93 |
| Número de documento/Ítem |
C355d, 2021 |
| Número de edición |
22 |
| 100 1# - ENTRADA PRINCIPAL--NOMBRE DE PERSONA |
| Nombre de persona |
Castro Ventura, Santiago |
| Fechas asociadas al nombre |
1837- |
| 9 (RLIN) |
78903 |
| 245 13 - MENCIÓN DE TÍTULO |
| Título |
Duarte en la proa de la historia / |
| Mención de responsabilidad, etc. |
Santiago Castro Ventura ; prólogo ;Orlando Objío. |
| 250 ## - MENCIÓN DE EDICIÓN |
| Mención de edición |
2a. ed. |
| 260 ## - PUBLICACIÓN, DISTRIBUCIÓN, ETC. |
| Lugar de publicación, distribución, etc. |
Santo Domingo : |
| Nombre del editor, distribuidor, etc. |
Búho, |
| Fecha de publicación, distribución, etc. |
2021. |
| 300 ## - DESCRIPCIÓN FÍSICA |
| Extensión |
492 p. : |
| Otras características físicas |
il., retr. ; |
| Dimensiones |
23 cm. |
| 500 ## - NOTA GENERAL |
| Nota general |
Incluye datos biográficos del autor en la contracubierta. |
| 500 ## - NOTA GENERAL |
| Nota general |
Incluye índice onomástico. |
| 504 ## - NOTA DE BIBLIOGRAFÍA, ETC. |
| Nota de bibliografía, etc. |
Bibliografía: p. 461- 478 |
| 505 0# - NOTA DE CONTENIDO CON FORMATO |
| Título |
Propósito de esta segunda edición y en desagravio al Padre de la Patria -- |
| -- |
Al Padre de la Patria -- |
| -- |
Prólogo -- |
| -- |
A modo de preámbulo -- |
| Información miscelánea |
Capítulo I. |
| Título |
Hegemonía de Francia y España.-- |
| -- |
Capítulo II -- |
| -- |
Independencia ficticia.-- |
| -- |
Capítulo III. |
| -- |
Presencia haitiana.-- |
| -- |
Capítulo IV. |
| -- |
Conspiración patriótica.-- |
| -- |
Capítulo V. |
| -- |
Separación y fundación de la República.-- |
| -- |
Capítulo VI. |
| -- |
Separación y fundación de la República -- |
| -- |
Anexión a España y Guerra Restauradora -- |
| -- |
Capítulo VIII. |
| -- |
Firmeza del Padre de la Patria -- |
| -- |
La familia Duarte-Diez -- |
| -- |
Fuentes documentales -- |
| -- |
Bibliografía consultada -- |
| -- |
Índice onomástico. |
| 505 ## - NOTA DE CONTENIDO CON FORMATO |
| Título |
Proscripción del pensamiento duartiano.-- |
| Información miscelánea |
Capítulo VII. |
| Título |
Anexión a España y Guerra de Restauración.-- |
| Información miscelánea |
Capítulo VIII. |
| Título |
Firmeza del Padre de la Patria.-- |
| Información miscelánea |
Capítulo IX. |
| Título |
La tríada de los Padres de la Patria.-- |
| Información miscelánea |
Capítulo X. |
| Título |
La familia Duarte- Diez.-- |
| 505 00 - NOTA DE CONTENIDO CON FORMATO |
| Nota de contenido con formato |
Fuentes documentales. |
| 505 00 - NOTA DE CONTENIDO CON FORMATO |
| Nota de contenido con formato |
Bibliografía consultada. |
| 505 00 - NOTA DE CONTENIDO CON FORMATO |
| Nota de contenido con formato |
Ìndice onomástico. |
| 590 ## - NOTA LOCAL (RLIN) |
| Nota local |
Inventariado, 2021 /MF |
| 600 10 - PUNTO DE ACCESO ADICIONAL DE MATERIA--NOMBRE DE PERSONA |
| Nombre de persona |
Duarte, Juan Pablo, |
| Fechas asociadas al nombre |
1813-1876 |
| 9 (RLIN) |
1494 |
| 651 #4 - PUNTO DE ACCESO ADICIONAL DE MATERIA--NOMBRE GEOGRÁFICO |
| Nombre geográfico |
República Dominicana |
| Subdivisión general |
Historia |
| 9 (RLIN) |
170 |
| 651 #0 - PUNTO DE ACCESO ADICIONAL DE MATERIA--NOMBRE GEOGRÁFICO |
| Nombre geográfico |
República Dominicana -- |
| Subdivisión general |
Historia -- |
| Subdivisión cronológica |
1844-1930 |
| 9 (RLIN) |
1009 |
| 651 #0 - PUNTO DE ACCESO ADICIONAL DE MATERIA--NOMBRE GEOGRÁFICO |
| Nombre geográfico |
República Dominicana -- |
| Subdivisión general |
Historia -- |
| Subdivisión cronológica |
Hasta, 1844 |
| 9 (RLIN) |
138 |
| 700 1# - PUNTO DE ACCESO ADICIONAL--NOMBRE DE PERSONA |
| 9 (RLIN) |
43081 |
| Nombre de persona |
Objío, Orlando, |
| Fechas asociadas al nombre |
1954- |
| Término indicativo de función/relación |
pról. |
| 910 ## - DATOS DE OPCIÓN DEL USUARIO (OCLC) |
| Datos de opción del usuario |
Validado. Control de calidad MFF |
| 942 ## - ELEMENTOS DE PUNTO DE ACCESO ADICIONAL (KOHA) |
| Fuente del sistema de clasificación o colocación |
Dewey Decimal Classification |
| Tipo de ítem Koha |
Libro |